LEADER 00808nam0-2200277---450- 001 990009720390403321 005 20130422130226.0 035 $a000972039 035 $aFED01000972039 035 $a(Aleph)000972039FED01 035 $a000972039 100 $a20130422d1975----km-y0itay50------ba 101 0 $aeng 102 $aUS 105 $a--------001yy 200 1 $aHuman capital$ea theoretical and empirical analysis, with special reference to education second edition$fby Gary S. Becker 210 $aNew York$cColumbia university$d1975 215 $cxvii, 268 p.$d22 cm 700 1$aBecker,$bGary S.$0118957 801 0$aIT$bUNINA$gRICA$2UNIMARC 901 $aBK 912 $a990009720390403321 952 $aI2.71$b7091$fDECTS 959 $aDECTS 996 $aHuman capital$914917 997 $aUNINA LEADER 01185nam--2200397---450- 001 990000411150203316 005 20091012122328.0 010 $a0-13-183203-4 035 $a0041115 035 $aUSA010041115 035 $a(ALEPH)000041115USA01 035 $a0041115 100 $a20010420d1995----km-y0itay0103----ba 101 $aeng 102 $aGB 105 $a||||||||001yy 200 1 $aInternational organizations$eprinciples and issues$fA. LeRoy Bennet 205 $a6. ed. 210 $aLondon$cPrentice-Hall international$dc1995 215 $aXII, 515 p.$d23 cm 410 $12001 461 1$1001-------$12001 606 0 $aOrganizzazioni internazionali$xStudi 676 $a341.232 700 1$aBENNETT,$bA. LeRoy$0544575 801 0$aIT$bsalbc$gISBD 912 $a990000411150203316 951 $aXXIII.2.A. 46 (IG VIII 6 534 B)$b8990 G$cXXIII.2.A. 46 (IG VIII)$d00250614 959 $aBK 969 $aGIU 979 $aPATTY$b90$c20010420$lUSA01$h1736 979 $c20020403$lUSA01$h1649 979 $aPATRY$b90$c20040406$lUSA01$h1628 979 $aRSIAV4$b90$c20091012$lUSA01$h1223 996 $aInternational organizations$9874766 997 $aUNISA LEADER 05320nam 2200757 450 001 9910812068303321 005 20240219161626.0 010 $a1-118-89933-4 010 $a1-118-89925-3 010 $a1-118-89935-0 024 7 $a10.1002/9781118899250 035 $a(CKB)3710000000224357 035 $a(EBL)1770415 035 $a(OCoLC)881387618 035 $a(SSID)ssj0001334913 035 $a(PQKBManifestationID)11729504 035 $a(PQKBTitleCode)TC0001334913 035 $a(PQKBWorkID)11289848 035 $a(PQKB)10252233 035 $a(CaBNVSL)mat08040077 035 $a(IDAMS)0b00006485f0e390 035 $a(IEEE)8040077 035 $a(DLC) 2014014209 035 $a(Au-PeEL)EBL1770415 035 $a(CaPaEBR)ebr10912887 035 $a(CaONFJC)MIL639086 035 $a(CaSebORM)9781118611661 035 $a(MiAaPQ)EBC1770415 035 $a(PPN)250964384 035 $a(EXLCZ)993710000000224357 100 $a20171024d2008 uy 101 0 $aeng 135 $aurcnu|||||||| 181 $ctxt 182 $cc 183 $acr 200 00$aSmart data pricing /$f.edited by Soumya Sen, Carlee JoeWong, Sangtae Ha, and Mung Chiang 205 $a1st edition 210 1$aHoboken, New Jersey :$cWiley,$d2014. 210 2$a[Piscataqay, New Jersey] :$cIEEE Xplore,$d[2014] 215 $a1 online resource (1183 p.) 225 1 $aInformation and communication technology series 225 1 $aWiley series on information and communication technology 300 $aIncludes index. 311 $a1-118-61166-7 311 $a1-322-07835-1 320 $aIncludes bibliographical references at the end of each chapters and index. 327 $a-- FOREWORD xv -- PREFACE xvi -- CONTRIBUTORS xx -- I SMART DATA PRICING IN TODAY'S ECOSYSTEM 1 -- 1 Will Smart Pricing Finally Take Off? 3 / Andrew Odlyzko -- 2 Customer Price Sensitivity to Broadband Service Speed: What Are the Implications for Public Policy? 35 / Victor Glass, Stela Stefanova, and Ron Dibelka -- 3 Network Neutrality with Content Caching and Its Effect on Access Pricing 47 / Fatih Kocak, George Kesidis, and Serge Fdida -- II TECHNOLOGIES FOR SMART DATA PRICING 67 -- 4 Pricing under Demand Flexibility and Predictability 69 / Ozgur Dalkilic, John Tadrous, Atilla Eryilmaz, and Hesham El-Gamal -- 5 Dual Pricing Algorithms by Wireless Network Duality for Utility Maximization 97 / Chee Wei Tan and Liang Zheng -- 6 Human Factors in Smart Data Pricing 127 / Soumya Sen, Carlee Joe-Wong, Sangtae Ha, and Mung Chiang -- III USAGE-BASED PRICING 167 -- 7 Quantifying the Costs of Customers for Usage-Based Pricing 169 / La?szlo? Gyarmati, Rade Stanojevic, Michael Sirivianos, and Nikolaos Laoutaris -- 8 Usage-Based Pricing Differentiation for Communication Networks: Incomplete Information and Limited Pricing Choices 195 / Shuqin Li and Jianwei Huang -- 9 Telecommunication Pricing: Smart Versus Dumb Pipes 241 / Atanu Lahiri -- IV CONTENT-BASED PRICING 267 -- 10 Economic Models of Sponsored Content inWireless Networks with Uncertain Demand 269 / Matthew Andrews, Ulas Ozen, Martin I. Reiman, and Qiong Wang -- 11 CDN Pricing and Investment Strategies under Competition 289 / Yang Song, Lixin Gao, and Arun Venkataramani -- 12 Smart Pricing and Market Formation in Hybrid Networks 321 / Aris M. Ouksel, Doug Lundquist, and Sid Bhattacharyya -- 13 To Tax or To Subsidize: The Economics of User-Generated Content Platforms 341 / Shaolei Ren and Mihaela van der Schaar -- V MANAGING CONTENT DELIVERY 363 -- 14 Spare Capacity Monetization by Opportunistic Content Scheduling 365 / Bell Labs and Alcatel-Lucent -- 15 Asynchronous Content Delivery and Pricing in Cellular Data Networks 391 / Vijay Gabale, Umamaheswari Devi, Ravi Kokku, and Shivkumar Kalyanraman. 327 $a16 Mechanisms for Quota Aware Video Adaptation 415 / Jiasi Chen, Amitabha Ghosh, and Mung Chiang -- 17 The Role of Multicast in Congestion Alleviation 441 / Alan D. Young -- VI PRICING IN THE CLOUD 453 -- 18 Smart Pricing of Cloud Resources 455 / Yu Xiang and Tian Lan -- 19 Allocating and Pricing Data Center Resources with Power-Aware Combinatorial Auctions 477 / Benjamin Lubin and David C. Parkes -- INDEX 501. 330 $a"As demand for data increases, Smart Data Pricing fills a market void in information on telecommunication economics. The book carefully addresses technical issues and workplace policies, system development and integration, research proposals, and business assessments. With both academic and industrial expertise from a variety of fields, Pricing is a practical and inclusive economics resource"--$cProvided by publisher. 330 $a"Provides insight on business strategies and initiatives through a diverse collection of perspectives"--$cProvided by publisher. 410 0$aWiley series on information and communication technology 606 $aTelecommunication$xPricing 606 $aResource allocation 615 0$aTelecommunication$xPricing. 615 0$aResource allocation. 676 $a384/.043 686 $aTEC061000$2bisacsh 701 $aSen$b Soumya$f1982-$01674481 801 0$bCaBNVSL 801 1$bCaBNVSL 801 2$bCaBNVSL 906 $aBOOK 912 $a9910812068303321 996 $aSmart data pricing$94039331 997 $aUNINA